000 00383nam a22001697a 4500
003 MACL
005 20160115155755.0
008 160115b xxu||||| |||| 00| 0 eng d
040 _cMACL
041 _aEnglish
082 _a823/HAS
100 _aHashem S.M
_932660
245 _aPlatonic Love
260 _aKolkata
_bSigma Sun
_c2010
650 _a823/HAS
_932661
942 _2ddc
_cBK
999 _c52489
_d52489